000
00326nam a2200121Ia 4500
008
151015s9999 xx 000 0 und d
050
_a
PS 3568.O855A77 1998
245
_a
Roth Philip
250
_a
_American Pastoral
300
_a
New york Vintage books 1998
650
_a
_USA-History
700
_a
^d20130522 10:42:31^oanne
999
_c
4670
_d
4670